Women's studies on the edge

Αποθηκεύτηκε σε:
Λεπτομέρειες βιβλιογραφικής εγγραφής
Άλλοι συγγραφείς: Scott, Joan Wallach (Επιμελητής έκδοσης)
Μορφή: Βιβλίο
Γλώσσα:English
Δημοσίευση: Durham : Duke University Press, 2008
Θέματα:
Ετικέτες: Προσθήκη ετικέτας
Δεν υπάρχουν, Καταχωρήστε ετικέτα πρώτοι!

MARC

LEADER 00000cam a2200000 i 4500
001 1/4577
008 100217s2008 eng d
020 |a 978-0-8223-4274-8 
035 |l 10106833 
040 |a GR-MY-UA  |b gre  |e aacr 
041 0 |a eng 
082 0 |a 305.4  |2 (22) 
245 1 0 |a Women's studies on the edge /  |c edited by Joan Wallach Scott 
260 |a Durham :   |b Duke University Press,   |c 2008 
300 |a 223 σ.;  |b εικ.;  |c 24 εκ. 
504 |a Βιβλιογραφία: σ. [199]-210 
504 |a Ευρετήριο: σ. [215]-223 
650 0 0 |a Women's studies. 
700 1 |4 edt  |a Scott, Joan Wallach. 
852 |a INST  |b LESVOS  |e 20100217  |h 305.4 WOM  |p 005100045755  |q 005100045755  |t BK  |y 0 
901 |a BIBL1-2010-1 
909 |a Λ  |b 162752 
970 |a ΓΙΑΛΑΜΑ  |b ΜΑΡΙΑ  |z 2010/02/17